[Event "4th HD Bank Cup 2014"]
[Site "Ho Chi Minh City VIE"]
[Date "2014.03.12"]
[Round "4.18"]
[White "Tin, Jingyao"]
[Black "Wynn Zaw Htun"]
[Result "1-0"]
[WhiteTitle "FM"]
[BlackTitle "IM"]
[WhiteElo "2225"]
[BlackElo "2408"]
[WhiteFideId "5804418"]
[BlackFideId "13002783"]
[EventDate "2014.03.10"]

1. d4 Nf6 2. c4 d6 3. Nf3 Nbd7 4. Nc3 e5 5. d5 g6 6. e4 Bg7 7. h3 Nc5 8. Qc2 a5
9. g4 O-O 10. Bg5 c6 11. Nd2 a4 12. Rc1 Qa5 13. f3 Bd7 14. Be2 cxd5 15. exd5
Rfc8 16. O-O Ne8 17. Nde4 f5 18. Ng3 h6 19. Bd2 Qd8 20. gxf5 Qh4 21. Kg2 Nf6 22.
f4 Nh5 23. Bxh5 gxh5 24. Nce4 Nxe4 25. Qxe4 b5 26. fxe5 Qxe4+ 27. Nxe4 Bxe5 28.
c5 dxc5 29. Nxc5 Bxb2 30. Nxd7 Bxc1 31. Bxc1 Rc2+ 32. Kg3 Rd8 33. Ne5 Re2 34. f6
Rxe5 35. f7+ Kh7 36. f8=Q Rxf8 37. Rxf8 Rxd5 38. Rb8 Rc5 39. Rb7+ Kg6 40. Rb6+
Kf5 41. Bxh6 Ke4 42. Bf8 Rg5+ 43. Kh4 Rf5 44. Bb4 Kf3 45. a3 1-0

[Event "4th HD Bank Cup 2014"]
[Site "Ho Chi Minh City VIE"]
[Date "2014.03.12"]
[Round "4.19"]
[White "Vijayalakshmi, Subbaraman"]
[Black "Tran, Ngoc Lan"]
[Result "1-0"]
[WhiteTitle "IM"]
[WhiteElo "2365"]
[BlackElo "2244"]
[WhiteFideId "5004098"]
[BlackFideId "12401811"]
[EventDate "2014.03.10"]

1. c4 c6 2. g3 d5 3. Nf3 Nf6 4. Bg2 Bf5 5. O-O e6 6. b3 h6 7. Bb2 Nbd7 8. d3 Qc7
9. Nbd2 Bg6 10. Re1 Be7 11. e4 dxe4 12. dxe4 e5 13. Nh4 Bh5 14. Qc2 O-O 15. Nf5
Bc5 16. h3 Rad8 17. a3 a5 18. Nf1 Rfe8 19. Bc3 Nf8 20. b4 Bd4 21. c5 Ne6 22. Nd6
Re7 23. Ne3 Ne8 24. Nef5 Red7 25. Bxd4 exd4 26. e5 Bg6 27. Be4 Qb8 28. Rad1 Bxf5
29. Bxf5 N8c7 30. Re4 g6 31. Bg4 h5 32. Bxe6 Nxe6 33. Kg2 axb4 34. axb4 b6 35.
Rexd4 bxc5 36. bxc5 Nxd4 37. Rxd4 Re7 38. Rf4 Kg7 39. Rf6 Rxd6 40. exd6 Re5 41.
Qc3 Rxc5 42. Rxg6+ Kxg6 43. Qxc5 Qe8 44. Qd4 Qd7 45. Qe5 f6 46. Qc5 f5 47. Qe5
Kf7 48. Kf3 Qe6 49. Kf4 Qc4+ 50. Kg5 Qc1+ 51. f4 Qa3 52. Qxf5+ Kg8 53. Qg6+ Kf8
54. Kxh5 c5 55. d7 Qf3+ 56. Kh6 1-0

[Event "4th HD Bank Cup 2014"]
[Site "Ho Chi Minh City VIE"]
[Date "2014.03.12"]
[Round "4.20"]
[White "Sukandar, Irine Kharisma"]
[Black "Vo, Thi Kim Phung"]
[Result "1/2-1/2"]
[WhiteTitle "WGM"]
[BlackTitle "WIM"]
[WhiteElo "2343"]
[BlackElo "2197"]
[WhiteFideId "7101937"]
[BlackFideId "12401838"]
[EventDate "2014.03.10"]

1. e4 c5 2. Nf3 e6 3. d4 cxd4 4. Nxd4 a6 5. Nc3 Qc7 6. Be2 d6 7. O-O Nf6 8. Be3
Nbd7 9. Nb3 b5 10. f3 Bb7 11. Qd2 Rc8 12. Rfc1 Ne5 13. Qe1 d5 14. exd5 b4 15.
Ne4 Nxd5 16. Bd4 Nc6 17. Bf2 Be7 18. Nbc5 a5 19. c3 O-O 20. cxb4 axb4 21. a3
bxa3 22. bxa3 Ba8 23. Ba6 Rcd8 24. a4 Nf4 25. Rab1 Qe5 26. Bb7 Bxb7 27. Nxb7 Rc8
28. Rb5 Nd5 29. Rd1 Bb4 30. Qf1 Qf4 31. Nbc5 Bxc5 32. Rxc5 Ncb4 33. Qc4 Rxc5 34.
Qxc5 h5 35. Bg3 Qe3+ 36. Qxe3 Nxe3 37. Rb1 Nc6 38. Rb6 Nd4 39. a5 Nd5 40. Rb7
Ne2+ 41. Kf2 Nxg3 42. Kxg3 Ra8 43. Ng5 f6 44. Nxe6 Rxa5 45. Rxg7+ Kh8 46. Rd7
Ne3 47. Rd3 Re5 48. Nf4 Nf5+ 49. Kh3 Ne7 50. Rd7 Kg8 51. Kh4 Kf7 52. Ra7 Kg8 53.
Kg3 Kf7 54. Kf2 h4 55. Nd3 Rh5 56. Ke3 Rg5 57. Nf4 Ke8 58. Ra8+ Kf7 59. Ra7 Ke8
60. Kf2 Rf5 61. Ne6 Re5 62. Nd4 Rd5 63. Ne2 Rh5 64. Nc3 Kf7 65. Ne4 f5 66. Nd6+
Ke6 67. Ra6 Kd5 68. Ne8 Rh8 69. Nf6+ Ke5 70. Nd7+ Kd5 71. Ra5+ Kd6 72. Ne5 Rc8
73. Nf7+ Ke6 74. Ng5+ Kf6 75. f4 Rc2+ 76. Kf3 Rc3+ 77. Ke2 Rc2+ 78. Kf1 Rc1+ 79.
Kf2 Rc2+ 80. Kf1 Rc1+ 81. Ke2 Rc2+ 82. Kd3 Rxg2 83. Ra6+ Kg7 84. Ra7 Kf6 85.
Ra6+ Kg7 86. Ra7 Kf6 1/2-1/2

[Event "4th HD Bank Cup 2014"]
[Site "Ho Chi Minh City VIE"]
[Date "2014.03.12"]
[Round "4.21"]
[White "Tong, Thai Hung"]
[Black "Bersamina, Paulo"]
[Result "1/2-1/2"]
[BlackTitle "FM"]
[WhiteElo "2151"]
[BlackElo "2326"]
[WhiteFideId "12403555"]
[BlackFideId "5206995"]
[EventDate "2014.03.10"]

1. e4 c6 2. d4 d5 3. exd5 cxd5 4. Bd3 Nc6 5. c3 Qc7 6. h3 Nf6 7. Nf3 g6 8. Nbd2
Bg7 9. O-O O-O 10. Re1 Bf5 11. Bf1 Ne8 12. Nb3 Rd8 13. Bg5 Nf6 14. Qc1 Ne4 15.
Bh6 f6 16. Nh4 Be6 17. Bxg7 Kxg7 18. f3 Qg3 19. fxe4 Qxh4 20. Nc5 Bc8 21. exd5
Rxd5 22. Re4 Qg3 23. Ne6+ Bxe6 24. Rxe6 f5 25. Bc4 Rd7 26. Qe1 Qc7 27. Bb5 f4
28. Bxc6 bxc6 29. Qe5+ Qxe5 30. Rxe5 Rb8 31. b4 Rb5 32. Rae1 Kf7 33. a4 Rbd5 34.
a5 g5 35. Kf2 h6 36. Kf3 R5d6 37. Kg4 Rg6 38. R1e4 Rb7 39. Rf5+ Kg7 40. Rc5 Kf7
41. Ree5 a6 42. Kf3 Rd6 43. Rf5+ Ke8 44. h4 gxh4 45. Rxf4 Rb5 46. Rxh4 Rxc5 47.
bxc5 Rf6+ 48. Rf4 Re6 49. Re4 Rf6+ 50. Ke2 Kd7 51. g4 Rf8 52. c4 e6 53. Ke3 Rb8
54. Re5 Rb3+ 55. Kf4 Rd3 56. Ke4 Rg3 57. Kf4 Rd3 58. Ke4 Rg3 1/2-1/2

[Event "4th HD Bank Cup 2014"]
[Site "Ho Chi Minh City VIE"]
[Date "2014.03.12"]
[Round "4.22"]
[White "Le, Hoang Tran Chau"]
[Black "Muminova, Nafisa"]
[Result "1-0"]
[WhiteTitle "WFM"]
[BlackTitle "WGM"]
[WhiteElo "2124"]
[BlackElo "2322"]
[WhiteFideId "12401854"]
[BlackFideId "14201526"]
[EventDate "2014.03.10"]

1. d4 d5 2. Nf3 e6 3. c4 Bb4+ 4. Nbd2 f5 5. e3 Nf6 6. a3 Be7 7. Be2 O-O 8. O-O
c6 9. b3 Bd6 10. Bb2 Nbd7 11. Ne5 b6 12. Rc1 Bb7 13. cxd5 cxd5 14. Bb5 Nb8 15.
f4 a6 16. Bd3 Ra7 17. Rf3 Ba8 18. Qe2 Qe7 19. a4 Qb7 20. h3 Rc8 21. Rff1 Nc6 22.
Nxc6 Rxc6 23. Rxc6 Qxc6 24. Bxa6 Qc2 25. Ne4 Qxe2 26. Nxf6+ Kf7 27. Bxe2 Kxf6
28. Bb5 Bb7 29. Rc1 Ke7 30. Kf2 Kd8 31. Ke2 Ra8 32. Kd3 Ke7 33. Ra1 h6 34. Ba3
g5 35. Bxd6+ Kxd6 36. Rg1 Rg8 37. g3 h5 38. fxg5 Rxg5 39. h4 Rg8 40. Kd2 e5 41.
Be2 Rh8 42. Ke1 Bc6 43. Kf2 Be8 44. Rc1 exd4 45. exd4 Bd7 46. Bf3 f4 47. gxf4
Rf8 48. Ke3 Re8+ 49. Kd3 Rf8 50. Bxh5 Rxf4 51. Rh1 Bf5+ 52. Kc3 Re4 53. Bd1 Re3+
54. Kb4 Rd3 55. Bc2 Rxd4+ 56. Kc3 Rf4 57. Bxf5 Rxf5 58. h5 Rf7 59. h6 Rh7 60.
Kd4 Ke6 61. b4 Kd6 62. Rh5 Ke6 63. b5 1-0

[Event "4th HD Bank Cup 2014"]
[Site "Ho Chi Minh City VIE"]
[Date "2014.03.12"]
[Round "4.23"]
[White "Fang, Yan"]
[Black "Nguyen, Anh Khoi"]
[Result "1/2-1/2"]
[BlackTitle "FM"]
[WhiteElo "2307"]
[BlackElo "2147"]
[WhiteFideId "8604746"]
[BlackFideId "12404675"]
[EventDate "2014.03.10"]

1. e4 c5 2. Nc3 e6 3. g3 a6 4. Bg2 b5 5. Nf3 Bb7 6. d3 Nf6 7. O-O d5 8. exd5
Nxd5 9. a4 Nxc3 10. bxc3 Be7 11. axb5 axb5 12. Rb1 Qb6 13. d4 O-O 14. Qe2 Ra2
15. Rxb5 Qa7 16. Rb2 Rxb2 17. Bxb2 Qa2 18. Bc1 Ba6 19. Qe4 Bxf1 20. Bxf1 Nd7 21.
c4 Qa8 22. d5 Re8 23. Qd3 exd5 24. cxd5 c4 25. Qxc4 Nb6 26. Qb3 Qxd5 27. Qxb6
Qxf3 28. Be3 h5 29. h4 Bf6 30. c4 Qg4 31. Qb5 Rd8 32. Bg2 Rd1+ 33. Kh2 Bd4 34.
Bxd4 Qxd4 35. f4 Rc1 36. Qxh5 Rxc4 37. Qd5 Qxd5 38. Bxd5 Rd4 39. Bf3 Kf8 40. Kg2
Rd2+ 41. Kg1 Ke7 42. Bh5 Ke6 43. Bg4+ Kd5 44. Bf3+ Kd4 45. Bc6 Ke3 46. Bb7 Rd7
47. Bc6 Rd6 48. Bb7 Rb6 49. Ba8 Kd4 50. Kg2 Ke3 51. Kg1 Ra6 52. Bb7 Ra7 53. Bc6
f5 54. Bd5 g6 55. Bc6 Kd4 56. Kg2 Ra2+ 57. Kg1 Rc2 58. Bb7 Ke3 59. Bd5 Rd2 60.
Bc6 1/2-1/2

[Event "4th HD Bank Cup 2014"]
[Site "Ho Chi Minh City VIE"]
[Date "2014.03.12"]
[Round "4.24"]
[White "Nguyen, Phuoc Tam"]
[Black "Nguyen, Hoang Nam"]
[Result "1/2-1/2"]
[BlackTitle "CM"]
[WhiteElo "2055"]
[BlackElo "2281"]
[WhiteFideId "12402109"]
[BlackFideId "12402133"]
[EventDate "2014.03.10"]

1. d4 b6 2. g3 Bb7 3. Nf3 Nf6 4. Bg2 c5 5. c3 g6 6. O-O Bg7 7. Bg5 O-O 8. Bxf6
Bxf6 9. d5 d6 10. Na3 Na6 11. Nc2 b5 12. a3 Qd7 13. e4 Nc7 14. h4 e6 15. Ne3
exd5 16. exd5 a5 17. Qd2 Rfe8 18. Nh2 Bg7 19. Rae1 Re7 20. f4 f5 21. g4 fxg4 22.
f5 gxf5 23. Nxf5 Rxe1 24. Qxe1 Rf8 25. Qe4 Kh8 26. Ne3 Rxf1+ 27. Bxf1 g3 28. Nf3
Qf7 29. Bd3 Bf8 30. c4 bxc4 31. Bxc4 Bg7 32. Kg2 Bc8 33. Kxg3 Bxb2 34. Ng5 Qg7
35. Kf3 Be5 36. Ng4 Qf8+ 37. Ke2 Bf5 38. Qf3 Bg7 39. h5 h6 40. Ne3 Bd7 41. Ne4
Qxf3+ 42. Kxf3 Ne8 43. Be2 a4 44. Nc4 Nc7 45. Nb6 Be8 46. Ke3 Be5 47. Bd1 Kg7
48. Bf3 Bf7 49. Nd2 Kf6 50. Ndc4 Bh2 51. Nb2 Nb5 52. N2c4 Nc7 53. Nb2 Ke5 54.
Nd3+ Kf5 55. Nb2 Nb5 56. N2c4 Nd4 57. Be4+ Kg5 58. Nxa4 Bxh5 59. Nc3 Bf4+ 60.
Kd3 Be8 61. a4 h5 62. a5 Nb5 63. a6 Na7 64. Na5 Be5 65. Nc6 Bxc6 66. dxc6 Bxc3
67. Kxc3 Kf4 68. Bh1 Ke5 69. Kc4 Ke6 70. Bf3 Ke7 71. Bxh5 Kd8 72. c7+ Kxc7 73.
Bf3 Kb6 74. Kd5 Nb5 75. Bg2 Kxa6 76. Kc6 Ka5 77. Bf1 Nc3 78. Kxd6 Kb4 79. Bd3
Na4 80. Kd5 Nb2 81. Bf1 Nd1 82. Ke4 Nf2+ 83. Ke3 Ng4+ 84. Kd2 Kb3 85. Be2 Ne5
86. Bd1+ Kc4 87. Be2+ Kd4 88. Ba6 Nc6 89. Bb5 Ne7 90. Ba6 Nd5 91. Bb5 1/2-1/2

[Event "4th HD Bank Cup 2014"]
[Site "Ho Chi Minh City VIE"]
[Date "2014.03.12"]
[Round "4.25"]
[White "Ivana Maria, Furtado"]
[Black "Nitin, S."]
[Result "0-1"]
[WhiteTitle "WIM"]
[BlackTitle "IM"]
[WhiteElo "2177"]
[BlackElo "2378"]
[WhiteFideId "5048400"]
[BlackFideId "5018277"]
[EventDate "2014.03.10"]

1. d4 g6 2. Nf3 Bg7 3. e4 d6 4. c3 Nf6 5. Bd3 Nbd7 6. O-O e5 7. h3 O-O 8. dxe5
dxe5 9. Be3 Qe7 10. Nbd2 Nc5 11. Bc2 Nh5 12. Nc4 b6 13. b4 Ba6 14. bxc5 Bxc4 15.
Re1 Nf4 16. cxb6 axb6 17. Bb3 Rfd8 18. Qc2 Qe6 19. Nd2 b5 20. Bxc4 bxc4 21. a4
Nd3 22. Red1 f5 23. Bg5 Rd7 24. Qa2 h6 25. Bh4 f4 26. f3 g5 27. Be1 Nc5 28. a5
Nb3 29. Nxb3 cxb3 30. Qb2 Rxd1 31. Rxd1 Rxa5 32. Rd8+ Kf7 33. Rb8 Bf8 34. Bf2
Ra2 35. Qxb3 Qxb3 36. Rxb3 Ra4 37. Rb2 Bd6 38. h4 Rc4 0-1

[Event "4th HD Bank Cup 2014"]
[Site "Ho Chi Minh City VIE"]
[Date "2014.03.12"]
[Round "4.26"]
[White "Le, Thi Phuong Lien"]
[Black "Tran, Tuan Minh"]
[Result "0-1"]
[WhiteTitle "WFM"]
[BlackTitle "FM"]
[WhiteElo "2143"]
[BlackElo "2353"]
[WhiteFideId "12400254"]
[BlackFideId "12401820"]
[EventDate "2014.03.10"]

1. e4 c5 2. Nf3 d6 3. d4 cxd4 4. Nxd4 Nf6 5. Nc3 a6 6. Be2 e5 7. Nb3 Be6 8. O-O
Be7 9. Kh1 O-O 10. f4 exf4 11. Bxf4 Nc6 12. Nd4 Nxd4 13. Qxd4 Rc8 14. Rad1 Rc6
15. Bf3 Rc4 16. Qe3 Qc7 17. e5 dxe5 18. Bxe5 Qa5 19. Bxf6 Bxf6 20. Bd5 Rxc3 21.
bxc3 Bxd5 22. Rxf6 gxf6 23. Qg3+ Kh8 24. Qd6 Bxg2+ 25. Kxg2 Rg8+ 26. Kh1 Qxc3
27. Rf1 Rc8 28. Qf4 Qc6+ 29. Rf3 Re8 30. c3 Re5 31. a3 Kg7 32. h4 Kf8 33. Kh2
Qd6 34. Kh3 Qe6+ 35. Kg3 Re4 36. Qb8+ Kg7 37. Kf2 Re2+ 38. Kf1 Re1+ 39. Kg2 Qe2+
40. Kg3 Rg1+ 41. Kf4 Qh2+ 0-1

[Event "4th HD Bank Cup 2014"]
[Site "Ho Chi Minh City VIE"]
[Date "2014.03.12"]
[Round "4.27"]
[White "Boricsev, Oleg"]
[Black "Pham, Thi Thu Hien"]
[Result "1/2-1/2"]
[WhiteTitle "IM"]
[WhiteElo "2339"]
[BlackElo "2158"]
[WhiteFideId "720500"]
[BlackFideId "12402575"]
[EventDate "2014.03.10"]

1. e4 c5 2. c3 d5 3. exd5 Qxd5 4. d4 Nc6 5. Nf3 Bg4 6. Be2 cxd4 7. cxd4 e6 8.
Nc3 Bb4 9. O-O Qa5 10. h3 Bh5 11. Be3 Nf6 12. Qb3 O-O 13. a3 Bxc3 14. bxc3 Qc7
15. Rac1 Rfd8 16. Bg5 Rd5 17. Bxf6 gxf6 18. Rfd1 Na5 19. Qa2 Rc8 20. c4 Rd7 21.
Nh2 Bxe2 22. Qxe2 f5 23. Nf3 Qd8 24. Rc3 Nc6 25. Qe3 Qf6 26. Rdd3 Rcd8 27. Ne5
Rxd4 28. Nxc6 bxc6 29. Rxd4 Rxd4 30. Qg3+ Kf8 31. Rb3 Rd8 32. Qc7 Qd4 33. c5 Qd7
34. Qa5 Rc8 35. Qc3 Ke7 36. Qe3 f4 37. Qf3 e5 38. Qh5 Ke6 39. Rb1 Rd8 40. Kh2
Qd3 41. Rb7 Rd7 42. Rxd7 Qxd7 43. Qxh7 Qd4 44. Qh6+ f6 45. Qf8 Qxf2 46. Qd6+ Kf7
47. Qxc6 Qg3+ 48. Kh1 Qe1+ 49. Kh2 1/2-1/2

[Event "4th HD Bank Cup 2014"]
[Site "Ho Chi Minh City VIE"]
[Date "2014.03.12"]
[Round "4.28"]
[White "Borsos, Bogdan"]
[Black "Tran, Minh Thang"]
[Result "1-0"]
[WhiteTitle "IM"]
[WhiteElo "2271"]
[BlackElo "2071"]
[WhiteFideId "14100568"]
[BlackFideId "12401080"]
[EventDate "2014.03.10"]

1. d4 Nf6 2. Nf3 e6 3. c4 b6 4. g3 Ba6 5. Qc2 Bb4+ 6. Bd2 Be7 7. Bg2 O-O 8. O-O
Qc8 9. e4 d5 10. exd5 exd5 11. Re1 Re8 12. cxd5 Nxd5 13. Ne5 c6 14. Qb3 Bf6 15.
Nc3 Bxe5 16. Nxd5 Bd6 17. Rxe8+ Qxe8 18. Re1 Qd8 19. Qe3 Nd7 20. Ne7+ Bxe7 21.
Qxe7 Bb7 22. Bh3 1-0

[Event "4th HD Bank Cup 2014"]
[Site "Ho Chi Minh City VIE"]
[Date "2014.03.12"]
[Round "4.29"]
[White "Nguyen, Sy Hung"]
[Black "Tran, Quoc Dung"]
[Result "0-1"]
[WhiteElo "2131"]
[BlackElo "2270"]
[WhiteFideId "12401374"]
[BlackFideId "12400645"]
[EventDate "2014.03.10"]

1. d4 Nf6 2. Nf3 g6 3. g3 Bg7 4. Bg2 O-O 5. O-O d6 6. c4 c6 7. Nc3 Nbd7 8. h3 e5
9. e4 Re8 10. Be3 a6 11. Qc2 b5 12. d5 cxd5 13. Nxd5 Nxd5 14. cxd5 Nb6 15. Nd2
Bd7 16. Rfc1 Rc8 17. Qd3 Rxc1+ 18. Rxc1 Qb8 19. Qa3 Na4 20. Bf1 Bf8 21. Qb4 Rc8
22. Rxc8 Qxc8 23. b3 Nc3 24. Qa5 Nd1 25. Qb6 Bxh3 26. Bxh3 Qxh3 27. Bg5 h6 28.
Bf6 Nc3 29. Qe3 Nxa2 30. Nf1 Qc8 31. Qd2 Nc1 32. Qe3 Qc2 33. Nd2 Qd1+ 34. Kg2
Ne2 35. Nf1 Nd4 36. Nd2 b4 37. f4 Nc2 38. Qf2 Ne1+ 0-1

[Event "4th HD Bank Cup 2014"]
[Site "Ho Chi Minh City VIE"]
[Date "2014.03.12"]
[Round "4.30"]
[White "Duong, Thuong Cong"]
[Black "Tu, Hoang Thai"]
[Result "0-1"]
[BlackTitle "IM"]
[WhiteElo "2078"]
[BlackElo "2250"]
[WhiteFideId "12402443"]
[BlackFideId "12400351"]
[EventDate "2014.03.10"]

1. e4 c5 2. Nf3 Nc6 3. c3 d5 4. exd5 Qxd5 5. Be2 e5 6. O-O Bf5 7. Na3 O-O-O 8.
Nc4 Bg6 9. Ne3 Qd6 10. Re1 Be7 11. Nc4 Qc7 12. Ncxe5 Nxe5 13. Nxe5 Bd6 14. Nf3
Nf6 15. d4 cxd4 16. cxd4 Bc2 17. Qd2 Ne4 18. Qe3 Rhe8 19. Ne5 Kb8 20. Qh3 f6 21.
Nc4 Bb4 22. Rf1 Rxd4 23. Na3 Ba4 24. Bb5 Nxf2 25. Qg3 Bd6 26. Qxf2 Bxh2+ 27. Kh1
Ree4 28. Bg5 Bg3 29. Qxd4 Rxd4 30. Rac1 Qe5 31. Bxa4 Qxg5 0-1

[Event "4th HD Bank Cup 2014"]
[Site "Ho Chi Minh City VIE"]
[Date "2014.03.12"]
[Round "4.31"]
[White "Tran, Le Dan Thuy"]
[Black "Ton, That Nhu Tung"]
[Result "0-1"]
[BlackTitle "IM"]
[WhiteElo "2005"]
[BlackElo "2235"]
[WhiteFideId "12403407"]
[BlackFideId "12401439"]
[EventDate "2014.03.10"]

1. d4 Nf6 2. c4 e6 3. Nc3 Bb4 4. Qc2 O-O 5. a3 Bxc3+ 6. Qxc3 b6 7. f3 d5 8. Bg5
c6 9. e3 Ba6 10. Bd3 dxc4 11. Bxc4 Nd5 12. Bxd8 Nxc3 13. Bxa6 Nxa6 14. Bg5 Nb5
15. Rc1 c5 16. a4 Nbc7 17. Ne2 h6 18. Bh4 Nd5 19. Kf2 cxd4 20. exd4 f5 21. f4
Nab4 22. Rhd1 Rfc8 23. Kf3 Kf7 24. Nc3 Nxc3 25. Rxc3 Nd5 26. Rcc1 Ke8 27. Be1 a5
28. Bd2 Kd7 29. Rxc8 Rxc8 30. Rc1 Rg8 31. h4 h5 32. Ke2 Rh8 33. Kf3 Rh6 34. Be1
Rg6 35. g3 Rh6 36. Rc2 Rh8 37. Rc4 Rc8 38. b3 Rc6 39. Ke2 Nf6 40. Kd3 Ne4 41. b4
axb4 42. Rxc6 Kxc6 43. Kc4 b3 44. Kxb3 Kd5 45. Kb4 Nd6 46. Bf2 Kc6 47. Kb3 Kd5
48. Kb4 Ke4 49. d5 exd5 50. Bxb6 d4 51. a5 d3 52. Kc3 Nc4 0-1

[Event "4th HD Bank Cup 2014"]
[Site "Ho Chi Minh City VIE"]
[Date "2014.03.12"]
[Round "4.32"]
[White "Le, Minh Hoang"]
[Black "Hoang, Thi Nhu Y"]
[Result "1-0"]
[WhiteTitle "CM"]
[BlackTitle "WIM"]
[WhiteElo "1931"]
[BlackElo "2210"]
[WhiteFideId "12404683"]
[BlackFideId "12401455"]
[EventDate "2014.03.10"]

1. d4 Nf6 2. Nf3 e6 3. e3 c5 4. Bd3 d5 5. O-O Be7 6. b3 O-O 7. Bb2 Nc6 8. c4 b6
9. cxd5 exd5 10. h3 Nb4 11. Be2 Bf5 12. Nc3 Rc8 13. a3 Nc6 14. Ne5 Na5 15. g4
Be6 16. Bf3 cxd4 17. exd4 h6 18. Rc1 Bd6 19. Re1 Re8 20. Bg2 Bb8 21. Bf1 Rc7 22.
Bb5 Rf8 23. a4 Qd6 24. Nb1 Rfc8 25. Rxc7 Rxc7 26. Ba3 Qd8 27. Bb4 Ne4 28. f3 Nd6
29. Bd3 Nc6 30. Bc3 Qh4 31. Kg2 a5 32. Qd2 Nc8 33. f4 N8e7 34. Nf3 Qf6 35. f5
Bc8 1-0

[Event "4th HD Bank Cup 2014"]
[Site "Ho Chi Minh City VIE"]
[Date "2014.03.12"]
[Round "4.33"]
[White "Pham, Bich Ngoc"]
[Black "Ngo, Kim Cuong"]
[Result "1/2-1/2"]
[WhiteTitle "WIM"]
[WhiteElo "2186"]
[BlackElo "1995"]
[WhiteFideId "12401285"]
[BlackFideId "12400890"]
[EventDate "2014.03.10"]

1. c4 e6 2. Nf3 Nf6 3. b3 b6 4. Bb2 Bb7 5. e3 Be7 6. Be2 O-O 7. O-O d6 8. d3
Nbd7 9. Nc3 h6 10. b4 Nh7 11. d4 c5 12. b5 cxd4 13. exd4 Rc8 14. Nd2 a5 15. Bf3
Bxf3 16. Qxf3 Ndf6 17. Na4 d5 18. c5 Nd7 19. c6 Ndf6 20. Ba3 Ng5 21. Qd3 Bxa3
22. Qxa3 Nge4 23. Nf3 Nd6 24. Qd3 Qc7 25. Ne5 Rfd8 26. Rae1 Nc4 27. Nxc4 dxc4
28. Qxc4 Rd5 29. Nc3 Rh5 30. h3 Rd8 31. f4 Nd5 32. f5 Rxh3 33. gxh3 Qg3+ 34. Kh1
Qxh3+ 1/2-1/2

[Event "4th HD Bank Cup 2014"]
[Site "Ho Chi Minh City VIE"]
[Date "2014.03.12"]
[Round "4.34"]
[White "Vo, Dai Hoai Duc"]
[Black "Nguyen, Truong Bao Tran"]
[Result "1-0"]
[WhiteElo "2187"]
[BlackElo "1889"]
[WhiteFideId "12400033"]
[BlackFideId "12402311"]
[EventDate "2014.03.10"]

1. d4 Nf6 2. c4 g6 3. Nc3 d6 4. e4 Bg7 5. f3 Nbd7 6. Nh3 c6 7. Nf2 Qc7 8. Bg5
O-O 9. Qd2 e5 10. d5 Nb8 11. g4 a5 12. h4 Na6 13. Bh6 Ne8 14. Bxg7 Nxg7 15. h5
Ne8 16. Qh6 Qe7 17. g5 Nc5 18. O-O-O a4 19. Bh3 Bxh3 20. Rxh3 a3 21. b3 b5 22.
dxc6 Nxb3+ 23. Kb1 Qa7 24. Nd5 f5 25. hxg6 Rf7 26. gxf7+ Kxf7 27. exf5 Ng7 28.
Qf6+ Kg8 29. Ne7+ Kh8 30. Rxh7+ 1-0

[Event "4th HD Bank Cup 2014"]
[Site "Ho Chi Minh City VIE"]
[Date "2014.03.12"]
[Round "4.35"]
[White "Doan, Thi Van Anh"]
[Black "Doan, Van Duc"]
[Result "0-1"]
[WhiteTitle "WFM"]
[WhiteElo "1994"]
[BlackElo "2124"]
[WhiteFideId "12400491"]
[BlackFideId "12400335"]
[EventDate "2014.03.10"]

1. d4 Nf6 2. Nf3 e6 3. Bg5 h6 4. Bh4 b6 5. Nbd2 Bb7 6. e3 d6 7. Bd3 g5 8. Bg3 g4
9. Nh4 Rg8 10. c4 Nh5 11. Be4 Bxe4 12. Nxe4 Be7 13. Qa4+ Kf8 14. Qb5 Ng7 15. Bf4
Bxh4 16. Bxh6 f5 17. Ng3 a6 18. Qb3 Bg5 19. Bxg7+ Rxg7 20. c5 d5 21. Qc2 bxc5
22. dxc5 Nd7 23. Rd1 Nf6 24. a3 Kg8 25. b4 Ne4 26. Ne2 Rh7 27. Qa4 Qe8 28. Qa5
Bf6 29. Nd4 Bxd4 30. Rxd4 Qb5 31. Qxb5 axb5 32. Rd3 g3 33. fxg3 Nxg3 34. Rg1
Rxh2 35. Kf2 Ne4+ 36. Kf3 Kf7 0-1

[Event "4th HD Bank Cup 2014"]
[Site "Ho Chi Minh City VIE"]
[Date "2014.03.12"]
[Round "4.36"]
[White "Nguyen, Dang Hong Phuc"]
[Black "Ngo, Thi Kim Tuyen"]
[Result "1-0"]
[WhiteElo "1870"]
[BlackElo "2083"]
[WhiteFideId "12402761"]
[BlackFideId "12400505"]
[EventDate "2014.03.10"]

1. d4 d5 2. Nf3 Nf6 3. c4 c6 4. Qb3 dxc4 5. Qxc4 Bf5 6. Nc3 e6 7. g3 Be7 8. Bg2
O-O 9. O-O Nbd7 10. e3 Ne4 11. Nd2 Nxd2 12. Bxd2 e5 13. e4 Nb6 14. Qb3 Bg6 15.
d5 cxd5 16. Nxd5 Nxd5 17. exd5 Rb8 18. Kh1 Kh8 19. f4 exf4 20. Bxf4 Bd6 21. Rae1
b6 22. Qa4 Rb7 23. Bxd6 Qxd6 24. Qc6 Rd7 25. Qxd6 Rxd6 26. Re7 a5 27. Rc1 h6 28.
Kg1 Kg8 29. Bf3 Rfd8 30. Rc6 Kf8 31. Rb7 Bb1 32. Rbxb6 Ke7 33. a4 f5 34. Rxd6
Rxd6 35. Rb5 Ra6 36. Rb7+ Kf6 37. Kf2 g5 38. Be2 Ra8 39. d6 Be4 40. Rb6 Bd5 41.
Bb5 Be6 42. d7 Ke7 43. Ke3 h5 44. Kd4 f4 45. gxf4 g4 46. Ke5 Bf7 47. f5 h4 48.
f6+ Kf8 49. Bc6 Rd8 50. Kd6 g3 51. hxg3 h3 52. Kc7 h2 53. Rb8 1-0

[Event "4th HD Bank Cup 2014"]
[Site "Ho Chi Minh City VIE"]
[Date "2014.03.12"]
[Round "4.37"]
[White "Tran, Quang Khai"]
[Black "Wolfaardt, Francois"]
[Result "1-0"]
[WhiteElo "2091"]
[BlackElo "1785"]
[WhiteFideId "12402591"]
[BlackFideId "14302578"]
[EventDate "2014.03.10"]

1. d4 d6 2. Nf3 Nf6 3. Bf4 g6 4. e3 Bg7 5. h3 b6 6. Be2 Bb7 7. O-O O-O 8. c4
Nbd7 9. Nc3 Re8 10. Rc1 e5 11. Bh2 a5 12. Nb5 Rc8 13. a3 Ne4 14. b4 c6 15. Nc3
Nxc3 16. Rxc3 axb4 17. axb4 exd4 18. exd4 Nf6 19. Ra3 Ne4 20. Bd3 f5 21. Ra7 Ba8
22. Qb3 c5 23. bxc5 bxc5 24. d5 Rb8 25. Qa4 Rb2 26. Rd7 Qb8 27. Bxe4 Rb4 28.
Rxg7+ Kxg7 29. Qd7+ Kg8 30. Bd3 Qd8 31. Qxd6 Qxd6 32. Bxd6 Rb3 33. Rd1 Rc8 34.
Ng5 Rb6 35. Be5 h6 36. Ne6 Rb4 37. Bf6 Rcb8 1-0

[Event "4th HD Bank Cup 2014"]
[Site "Ho Chi Minh City VIE"]
[Date "2014.03.12"]
[Round "4.38"]
[White "Frost, Peter"]
[Black "Luu, Duc Hai"]
[Result "1-0"]
[WhiteElo "1781"]
[BlackElo "1913"]
[WhiteFideId "3204634"]
[BlackFideId "12412228"]
[EventDate "2014.03.10"]

1. e4 e6 2. d4 d5 3. Nc3 Nf6 4. Bg5 Be7 5. e5 Nfd7 6. Bxe7 Qxe7 7. f4 a6 8. Nf3
c5 9. dxc5 Qxc5 10. Qd2 Nc6 11. Bd3 O-O 12. Ne2 Qb6 13. c3 Nc5 14. b3 Bd7 15.
Qe3 Nxd3+ 16. Qxd3 Ne7 17. Ned4 Bb5 18. Qd2 Rfc8 19. a4 Bd7 20. O-O Qc5 21. Rac1
b5 22. b4 Qa7 23. a5 Rc4 24. Kh1 Rac8 25. Ng1 Qc7 26. Nge2 g6 27. Rf3 Nf5 28. g4
Nxd4 29. Nxd4 Rxb4 30. Re1 Rc4 31. f5 exf5 32. gxf5 Rxd4 33. cxd4 Bxf5 34. Rxf5
gxf5 35. Qh6 Qc6 36. Rg1+ Qg6 37. Rxg6+ fxg6 38. Qe3 b4 39. e6 Kf8 40. Qe5 Ke7
41. Qxd5 Rd8 42. Qb7+ Kxe6 43. Qxb4 Rd6 44. Qc4+ Ke7 45. Qc7+ Ke6 46. Qc4+ Ke7
47. Kg2 g5 48. Qc7+ Ke6 49. Qxh7 Rxd4 50. Qg6+ Ke5 51. Qxa6 Rd2+ 52. Kg1 Rd1+
53. Kf2 Rd2+ 54. Kf1 Rxh2 55. Qb5+ Ke4 56. Qc4+ Kf3 57. Qd3+ Kg4 58. a6 f4 59.
a7 Ra2 60. Qe2+ Rxe2 61. Kxe2 Kg3 62. a8=Q g4 63. Qb8 Kg2 64. Qxf4 g3 65. Qh4
Kg1 66. Qxg3+ Kh1 67. Qg8 1-0